1201 1957 1543 1486 1682 1028 1417 1635 1271 1190 1023 1059 1885 1751 1066 1867 1646 1125 1028 1766 1616 1395 1673 1195 1218 1848 1638 1052 1366 1068 1825 1701 1758 1660 1436 1497 1219 1085 1923 1837 1667 1383 1590 1827 1238 1389 1830 1533 1915 1373 1617 1403 1763 1728 1770 1827 1247 1741 1644 1794 1461 1945 1273 1878 1670 1539 1121 1122 1431 1571 1415 1637 1606 1500 1944 1132 1478 1696 1555 1939 1825 1512 1419 1832 1485 1050 1800 1563 1063 1656 1357 1413 1867 1585 1683 1647 1000 1454 1793 BCNSPRNW ULIB Ver.6.0+V

เปลี่ยนเป็นภาษาไทย

Change to English
 แสดงรายละเอียดบรรณานุกรม
  กลับหน้าหลัก

Brief Record : Get Marc (ISO 2709) : E-mail record : QR code < ปิดหน้าต่าง
LEADER : 00000nam 2200000uu 4500
001    13399111823
003     ULIB
008    110708s2552||||th 000 0 tha d
020    9789747784244
050  0 DS571^bช638ท
100    ชุลีพร วิริยะวงศ์ชัย
245 00 เที่ยวเมืองไทย /^cบรรณาธิการเล่ม, ชุลีพร วิริยะวงศ์ชัย
250    พิมพ์ครั้งที่ 4
260    กรุงเทพฯ :^bรีดเดอร์ส ไดเจสท์ (ประเทศไทย),^c2552
300    479 หน้า :^bภาพประกอบสี, แผนที่ ;^c30 ซม.
710 2  รีดเดอร์ส ไดเจสท์ (ประเทศไทย)
945    ^p1790^l0^i027482
995    ทศพร
999 ^a ใช้งานได้ทุกระบบ
รายการนี้ยังไม่มีแท็ก
คุณยังไม่ได้ล็อกอิน คุณสามารถมีกิจกรรมร่วมกับเว็บไซต์ได้ แต่ต้องล็อกอินก่อน ::
  ล็อกอิน

รายการสื่อสารสนเทศ

ลำดับที่ ประเภท เลขเรียก/บาร์โค้ด สถานที่ สถานะ
- ไม่พบข้อมูล -

รายการใกล้เคียง
    ผู้แต่ง [ชุลีพร วิริยะวงศ์ชัย]

BibComment


ยังไม่เคยถูกคอมเมนท์

คอมเมนท์ทรัพยากรรายการนี้
  คอมเมนท์: เที่ยวเมืองไทย บ..


 Copyright 2026. Bcnsprnw @Library